000 00880nam a2200253 a 4500
001 18366
003 BD-RjUL
005 20211209000256.0
008 140220r19511957nyu 001 0 eng d
035 _a(BD-RjUL)18424
040 _aANL
_beng
_cANL
_dAUC
_dBD-RjUL
041 _aeng
082 0 4 _a820.8
_bWHS 1957
100 1 _aWhite, Helen C.
_q(Helen Constance),
_d1896-1967.
_956558
245 1 0 _aSeventeenth-century verse and prose /
_cby Helen C. White, Ruth C. Wallerstein and Ricardo Quintana.
_nVolume One :
_p1600-1660.
260 _aNew York :
_bMacmillan,
_c1951 [reprinted 1957].
300 _axii, 498 p. ;
_c24 cm.
504 _aIncludes index.
650 0 _aEnglish literature
_yEarly modern, 1500-1700.
_956559
700 1 _aQuintana, Ricardo.
_956560
700 1 _aWallerstein, Ruth C.
_q(Ruth Coons),
_d1893-1958.
_956561
942 _2ddc
_cBK
999 _c18366
_d18366